A clinician's guide to the critique and utilization of nursing research

Bibliographic Details
Main Author: Philips, Linda Ree Fraelich , 1945- (Author)
Format: Book
Published: Norwalk, Conn. : Appleton-Century-Crofts , c1986
Subjects:

MARC

LEADER 00000cam a2200000 7i4500
001 0000008930
005 20180918093000.0
008 021119s1986
020 |a 0838511627 
090 0 0 |a RT81.5   |b .P47 1986 
100 0 |a Philips, Linda Ree Fraelich ,   |d 1945- ,   |e author 
245 1 2 |a A clinician's guide to the critique and utilization of nursing research   |c Linda R. Fraelich Philips 
260 2 |a Norwalk, Conn. :   |b Appleton-Century-Crofts ,   |c c1986 
300 |a xic, 477 p. ;   |c 24 cm. 
504 |a Includes index 
650 0 |a Clinical medicine 
650 0 |a Nursing   |x Research 
650 0 |a Nursing   |x Research   |x Evaluation 
999 |a 1000036696   |b Book   |c OPEN SHELF (30 DAYS)   |e Gong Badak Campus